000 00951nam a22002537a 4500
005 20170124102949.0
010 _aA-764259
020 _c40.00
_a817408052
035 _aA-764259
037 _bCen Lib/Ret
040 _aDPL
_bHN
082 _a
_bसक्सेना
100 _aसक्सेना, सत्यपल
_97856
245 _aभीतर का मौन /
_cसत्यपल सक्सेना
246 _aBhitar ka maun /
_bby Satya Pal Saxena
260 _aनयी दिल्ली
_bअयन प्रकाशन
_c1995
270 _bनयी दिल्ली
_a1/20, महरौली
_e110030
300 _a92पृ.
_c17सेमी (सजिल्द)
650 _aहिन्दी साहित्य
_950993
650 _aकहानियां
_950994
650 _aHindi literature
_950995
650 _aStories
_97500
942 _2ddc
_cHN
_h
_mसक्सेना
999 _c113177
_d113177